| 000 | 01553nam a2200445 c 4500 | ||
|---|---|---|---|
| 999 |
_c50568 _d50568 |
||
| 001 | 50568 | ||
| 003 | ES-MaCES | ||
| 005 | 20251115040003.0 | ||
| 008 | 180305s2017 sp | 000 | spa d | ||
| 017 |
_aM 35790-2017 _bDL |
||
| 020 | _a9788429020120 | ||
| 040 |
_aES-MaCES _bspa _cES-MaCES |
||
| 041 | 0 |
_aspa _aita |
|
| 245 | 0 | 4 |
_aLos nuevos perfiles del Estado social _b: la promoción del empleo de los trabajadores jóvenes y maduros _cdir., Azuzena Escudero Prieto ; coord., Milagros Alonso Bravo ; [autores], Beatriz Agra Viforcos ... [et al.] |
| 250 | _a1ª ed | ||
| 260 |
_aMadrid _bReus _c2017 |
||
| 300 |
_a406 p. _c24 cm |
||
| 490 | 1 | _aColección de Derecho laboral | |
| 500 | _aTextos en español e italiano | ||
| 541 | _cCompra | ||
| 650 | 4 |
_aempleo de jóvenes _929982 |
|
| 650 | 4 |
_atrabajador de edad avanzada _928410 |
|
| 650 | 4 |
_adiscriminación por edad _929857 |
|
| 650 | 4 |
_apolítica de empleo _928300 |
|
| 650 | 4 |
_afomento del empleo _930270 |
|
| 650 | 4 |
_aempleabilidad _929674 |
|
| 650 | 4 |
_aflexibilidad del trabajo _930174 |
|
| 650 | 4 |
_arégimen de pensión _927042 |
|
| 650 | 4 |
_atrabajo a cuenta propia _930170 |
|
| 650 | 4 |
_aeconomía colaborativa _937923 |
|
| 650 | 4 |
_aEspaña _926964 |
|
| 650 | 4 |
_arégimen jurídico _929894 |
|
| 653 | 1 | 0 | _aEmpleo |
| 700 | 1 |
_938965 _aEscudero Prieto, Azuzena _edir. |
|
| 700 | 1 |
_938966 _aAlonso Bravo, Milagros _ecoord. |
|
| 700 | 1 |
_95642 _aAgra Viforcos, Beatriz |
|
| 830 | 0 |
_934532 _aColección de Derecho laboral |
|
| 902 | _aLIB Libro | ||
| 942 |
_2CES _cBK _h2.1. |
||